000 00474nmm a2200169Ia 4500
008 251105s9999||||xx |||||||||||||||||und||
020 _a9788416053292
041 _aspa
100 _aAbad, Manolo D.
245 0 _aVasos sucios en la madrugada
264 _a[Madrid, España] :
_bSeptem Ediciones,
_c2014
300 _a440 páginas
490 _aSeptem Fabula
650 _aThriller & Suspense
856 _uhttps://public.digitaliapublishing.com/a/33908
942 _cCF
999 _c77208
_d77208